MARC

LEADER 00000nam0a2200000 4500
001 348364
005 20231102010111.0
035 |a (RuTPU)RU\TPU\retro\23 
090 |a 348364 
100 |a 20180214d1972 km y0rusy50 ca 
101 0 |a rus 
102 |a RU 
105 |a a z 001zy 
200 1 |a Методы расчета материального и теплового балансов коксовых печей  |f И. М. Ханин [и др.] 
205 |a [2-е изд., перераб. и доп.] 
210 |a Москва  |c Металлургия  |d 1972 
215 |a 159 с.  |c ил. 
320 |a Библиогр.: с. 156-159 
606 1 |a Коксовые печи  |x Материальный баланс  |2 stltpush  |3 (RuTPU)RU\TPU\subj\33285  |9 55570 
610 1 |a коксование 
610 1 |a приходная часть 
610 1 |a расходная часть 
610 1 |a промышленные условия 
610 1 |a уголь 
610 1 |a сгорание 
610 1 |a продукты 
610 1 |a обогрев 
610 1 |a печи 
675 |a 662.741.041  |v 4 
701 1 |a Ханин  |b И. М.  |g Исаак Маркович 
701 1 |a Обуховский  |b Я. М.  |g Яков Миронович 
701 1 |a Юшин  |b В. В.  |g Виктор Васильевич 
701 1 |a Яремчук  |b В. А.  |g Владимир Анатольевич 
801 1 |a RU  |b 63413507  |c 20180214 
801 2 |a RU  |b 63413507  |c 20180214  |g RCR 
942 |c BK